00776cam a2200205 a 4500001000400000003001000004005001700014008004100031020001800072040002500090080001600115100004200131245020500173260003800378300002000416504003600436650002900472650002200501650004700523300BR-CuiBMT20231114180128.0230927s2009 mgb 001 0 por d a9788577002450 aBR-CuiBMTcBR-CuiBMT 22007a347.91 aBezerra, Isabel Cecília de Oliveira10aSuspensão de tutelas jurisdicionais contra o poder público :batualizado pela recente lei n° 12.016, de 7.8.2009 /cIsabel Cecília de Oliveira Bezerra ; prefácio, José Antonio Dias Toffoli. aBelo Horizonte :bFórum,c2009. a379 p. ;c22 cm aInclui bibliografia e índice. aDireito processual civil aDireito público aAção popularxDireito processual civil